The Sport of Kings : (Record no. 602224)

MARC details
000 -LEADER
fixed length control field 00487nam a2200193 a 4500
001 - CONTROL NUMBER
control field 1765524280703
003 - CONTROL NUMBER IDENTIFIER
control field ACL
005 - DATE AND TIME OF LATEST TRANSACTION
control field 20251212125650.0
008 - FIXED-LENGTH DATA ELEMENTS--GENERAL INFORMATION
fixed length control field 251212s2002##################000#0#eng##
020 ## - INTERNATIONAL STANDARD BOOK NUMBER
International Standard Book Number 9780521808774
082 04 - DEWEY DECIMAL CLASSIFICATION NUMBER
Classification number 636.1322094
Item number CAS
040 ## - CATALOGING SOURCE
Original cataloging agency ACL
Language of cataloging eng
Transcribing agency ACL
100 1# - MAIN ENTRY--PERSONAL NAME
Personal name Cassidy, Rebecca,
Relator term author.
245 10 - TITLE STATEMENT
Title The Sport of Kings :
260 ## - PUBLICATION, DISTRIBUTION, ETC.
Name of publisher, distributor, etc. Cambridge University Press,
Date of publication, distribution, etc. 2002.
300 ## - PHYSICAL DESCRIPTION
Extent 200 pages
650 #0 - SUBJECT ADDED ENTRY--TOPICAL TERM
Topical term or geographic name entry element Social Science.
942 ## - ADDED ENTRY ELEMENTS (KOHA)
Koha item type English Books
Holdings
Withdrawn status Lost status Damaged status Not for loan Home library Current library Shelving location Date acquired Total Checkouts Full call number Barcode Date last seen Price effective from Koha item type
        Anna Centenary Library Anna Centenary Library 6TH FLOOR, A WING 12.12.2025   636.1322094 CAS 283749 09.02.2026 12.12.2025 English Books

Find us on the map